00611cam a22001457a 4500008004000000082002700040245011100067260005600178300001100234650003100245650002500276700004500301999001900346952010000365180718b1989 xxu||||| |||| 00| 0 eng d aR22068x54 In2m/1985-87 aOccupational wage survey (fourth round): report on mining industriescby Labour Bureau, Ministry of Labour aChandigarhbLabour Bureau, Ministry of Labourc1989 a152+p. aMineral industries - India aWage surveys - India aIndia. Ministry of Labour. Labour Bureau c481194d481194 00104070aIIPAbIIPAd2018-08-04oR22068x54 In2m/1985-87pGG21009r2018-08-04w2018-08-04yGG